Geography of Vermont - Statistics

General Stats
  • This quiz has been taken 53 times
    48 since last reset
  • The average score is 16 of 20
Answer Stats
Question Answer % Correct
U.S. states that border Vermont New Hampshire
100%
U.S. states that border Vermont New York
100%
What is the most commonly spoken language after English? French
97%
What lake does Vermont touch to the west? Lake Champlain
97%
U.S. states that border Vermont Massachusetts
97%
What is the state capital of Vermont? Montpelier
97%
What is the largest city in Vermont? Burlington
95%
Canadian province that borders Vermont Quebec
95%
What breakfast item does Vermont lead the U.S. in the harvesting of? Maple Syrup
92%
What is Vermont's most famous ice cream brand? Ben & Jerry's
90%
What Vermont mountain resembles the back of a desert mammal? Camel's {Hump}
90%
What is the largest animal found in Vermont? Moose
90%
What river forms Vermont's eastern border? Connecticut River
87%
What mountain range, part of the Appalachians, runs through the center of Vermont? {Green} Mountains
87%
What type of bridge does Vermont have the highest count of per square mile in the U.S.? {Covered} Bridge
85%
What is the highest mountain peak in Vermont? Mount Mansfield
54%
What popular ski resort is located 9 miles east of Rutland? Killington
51%
What famous creamery is named for the small Vermont town it was founded in? Cabot
44%
What river gorge, measuring 165 feet deep, is located in Hartford? {Quechee} Gorge
41%
What county is home to the above city? Chittenden
38%
No matching quizzes found
Score Distribution
Percent of People with Each Score
Percentile by Number Answered
Your Score History
You have not taken this quiz since the last reset